000 00490nam a2200169 i 4500
001 58095
003 ES-MaACL
005 20230906163727.0
007 t|
008 031021s1936 sp ||||1| spa d
100 1 _aDowney, Fairfax.
_945536
245 1 0 _aSolimán el Magnífico
_b: 1495-1566 /
_cFairfax Downey ; traducción de Mateo Mille.
260 _aBarcelona :
_bJoaquín Gil,
_c[1936]
300 _a279 p. ;
_c22 cm.
700 1 _aMille, Mateo.
_981192
852 _aES-MaACL
_jA-4462
999 _c58095
_d58095